Most Popular Boys Names in New Jersey - Statistics

General Stats
  • This quiz has been taken 146 times
  • The average score is 6 of 12
Answer Stats
Hint Answer % Correct
1981 John
83%
first appeared 1980 Michael
72%
1981 David
60%
1984 Daniel
55%
1982 Robert
55%
1980 Joseph
53%
1980 Matthew
51%
2003 Anthony
48%
1980 Christopher
44%
1980 Nicholas
36%
2004 Ryan
32%
2009 Jayden
10%
No matching quizzes found
Score Distribution
Percent of People with Each Score
Percentile by Number Answered
Your Score History
You have not taken this quiz